Dopasuj TOP 1 do kraju w Europie - Statystyki

Ogólne statystyki
  • Ten quiz został rozwiązany 26 razy
  • Średni wynik to 17 z 35
Statystyki odpowiedzi
Hint Odpowiedź % Poprawnych
Numer 1 w Europie pod względem produkcji jabłek. 🍎 Polska
100%
Największy kraj świata pod względem powierzchni. 🗺️ Rosja
96%
Królestwo luksusowych zegarków. ⌚ Szwajcaria
96%
Jeden z największych eksporterów zbóż na świecie. 🌾 Ukraina
96%
Top 1 w konsumpcji piwa na mieszkańca na świecie. 🍺 Czechy
79%
Najmłodszy kraj w Europie (ogłosił niepodległość w 2008 roku). 🇽🇰 Kosowo
79%
Kolebka muzyki klasycznej – dom Mozarta i Beethovena. 🎼 Austria
75%
Najbardziej gęsto zaludniony kraj świata. 🌍 Monako
75%
Kolebka zachodniej cywilizacji – filozofia i demokracja. ⚖️ Grecja
71%
Najbardziej cyfrowy kraj w Europie – wszystko załatwisz online! 💻 Estonia
63%
Numer 1 na świecie pod względem liczby turystów. 🗼 Francja
63%
Najwięcej zabytków UNESCO na świecie. 🏛️ Włochy
63%
Adriatyk tu jest najczystszy w Europie. 🌊 Chorwacja
58%
Ma największy dochód na mieszkańca w Unii Europejskiej. 💎 Luksemburg
58%
Najwyżej położony kraj w Europie pod względem średniej wysokości nad poziomem morza. 🏔️ Andora
50%
Mostar i jego most to jedno z najbardziej kultowych miejsc na Bałkanach. 🌉 Bośnia i Hercegowina
50%
Posiada najlepszy system edukacji na świecie. 🎓 Finlandia
50%
Ma najczystsze powietrze na świecie. 🌬️ Islandia
46%
Największa liczba zamków na mieszkańca w Europie. 🏰 Słowacja
46%
Najczystsze i najdziksze wybrzeże Adriatyku w Europie. 🏖️ Albania
42%
Największy eksporter korka na świecie. 🪵 Portugalia
42%
Najmniejszy kraj w Unii Europejskiej. 🌞 Malta
38%
Jeden z najbogatszych krajów świata pod względem PKB na mieszkańca. 💰 Liechtenstein
33%
Czołówka rankingu najszczęśliwszych państw świata. 😊 Norwegia
29%
Posiada największy budynek administracyjny świata 🏢 Rumunia
29%
Znana z największych na świecie podziemnych piwnic winnych w Milesti Mici (120 km korytarzy). 🍷 Mołdawia
25%
Największy producent oliwek na świecie. 🫒 Hiszpania
21%
Top 1 w produkcji malin w Europie. 🍓 Serbia
21%
Posiada jedno z najgłębszych kanionów w Europie. 🏞️ Czarnogóra
17%
Jeden z krajów z najwyższym poziomem życia na świecie. 🏡 Dania
13%
Lider w eksporcie bursztynu w Europie. 🧡 Litwa
13%
Ma jedno z najstarszych jezior w Europie: Nawet takie, powstało około 3 milionów lat temu. 🌊 Macedonia Północna
13%
Lasy zajmują największą część jej powierzchni w regionie. 🌲 Łotwa
8%
Kryją największą na świecie termalną jaskinię wapienną. 🌌 Węgry
8%
Najbardziej ekologiczna gospodarka Europy. ♻️ Słowenia
4%
Nie znaleziono quizów pasujących do podanych kryteriów
Rozkład punktacji
Procent ludzi z każdym wynikiem
Percentyl według liczby udzielonych odpowiedzi
Twoja historia wyników
Nie rozwiązałeś tego quizu